| 000 | 01480nam a2200325 i 4500 | ||
|---|---|---|---|
| 003 | EG-ScBUE | ||
| 005 | 20231207102738.0 | ||
| 008 | 090824s2007 le f b 00010 ara d | ||
| 020 | _a9759920085 | ||
| 040 |
_aEG-ScBUE _bara _erda _cEG-ScBUE _dEG-ScBUE |
||
| 041 | 1 |
_aara _htur |
|
| 043 | _aa-tu--- | ||
| 082 | 0 | 4 |
_222 _a956.1015 _bأ و ر |
| 100 | 1 |
_98582 _aأورتايلي، إيلبير، _d1947- _eمؤلف. |
|
| 240 | 1 | 0 |
_aİmparatorluğun En Uzun Yüzyılı. _lArabic |
| 245 | 1 | 2 |
_aالخلافة العثمانية : _bالتحديث والحداثة في القرن التاسع عشر / _cإلبر أورطايلي ؛ ترجمة عبد القادر عبد اللى ؛ تدقيق لغوي علي حيربك. |
| 250 | _aالطبعة الأولى. | ||
| 264 | 1 |
_aبيروت : _bشركة قدمس للنشر والتوزيع، _c2007. |
|
| 300 |
_a316 صفحة ؛ _c22 سم |
||
| 336 |
_2rdacontent _aنص _btxt |
||
| 337 |
_aبدون وسيط _2rdamedia _bn |
||
| 338 |
_aمجلد _bnc _2rdacarrier |
||
| 504 | _aيشتمل على إرجاعات ببليوجرافية وكشافات. | ||
| 546 | _aالنص باللغة العربية وتم ترجمته من اللغة التركية. | ||
| 651 | 7 |
_98585 _aتركيا _xتاريخ _yالعصر العثماني. _2BUEsh |
|
| 655 | _vReading book | ||
| 700 | 1 |
_98586 _aعبد اللي، عبد القادر، _d1957-2017، _eمترجم. |
|
| 700 | 1 |
_98587 _aحيريك، علي، _eمدقق. |
|
| 942 |
_2ddc _cBB |
||
| 999 |
_c12680 _d12680 |
||